| 000 | 00599cam a22002291 4500 | ||
|---|---|---|---|
| 001 | sa 68011849 | ||
| 003 | DLC | ||
| 005 | 20260227112605.0 | ||
| 008 | 890127s1965 io 000 0 ind | ||
| 010 | _asa 68011849 | ||
| 035 | _a(OCoLC)23538356 | ||
| 040 |
_aDLC _cMiU _dDLC |
||
| 042 | _apremarc | ||
| 050 | 0 | 0 |
_aHQ31 _b.H36 |
| 100 | 1 | _aHassan, ʻAbbas. | |
| 245 | 1 | 0 | _aBeginilah tjara bersuami [oleh] Abbashassan. |
| 250 | _a[Tjet, 1.] | ||
| 260 |
_aDjakarta, _bBakti Pustaka _c[1965] |
||
| 300 |
_a96 p. _c18 cm. |
||
| 490 | 0 | _aSeri hidangan rohani dan budi pekerti | |
| 650 | 0 | _aMarriage | |
| 999 |
_c84148 _d84148 |
||